11 y 17 de septiembre : dos fechas ... pero una misma esencia :

Guardado en:
Autor Principal: Escanes, Liliana
Formato: Libro
Publicado: Bahía Blanca : Graff ediciones, 2006
Materias:
Etiquetas: Agregar Etiqueta
Sin Etiquetas, Sea el primero en etiquetar este registro!
LEADER 00543nam a22001815a 4500
001 CEM.cems012422
005 20070328175521.0
008 130507s2006##################000#0#####d
003 CEMS
082 0 4 |a A861.4 
100 1 |a Escanes, Liliana 
245 1 0 |a 11 y 17 de septiembre :  |b dos fechas ... pero una misma esencia :  |c Liliana Escanes 
260 |a Bahía Blanca :  |b Graff ediciones,  |c 2006 
300 |a 63 p. 
653 |a Poesías 
653 |a Poesías bahienses 
653 |a Poemas 
859 |a CEMS  |b BIB. CEMS - 11 de abril  |h A861.4  |i Es14  |p 23448.06  |t Ej.1